00333nam a2200121Ia 4500008004100000082001500041100002300056245003000079260003200109365001000141630003000151730003000181100415s9999 xx 000 0 und d b10673a550 aEmbleton Clifford aPeriglacial Geomorphology aLONDONc1975bEDWARD ARNOLD b193.5 aPeriglacial Geomorphology aPeriglacial Geomorphology